000 00279nam a22001337a 4500
008 170616b xxu||||| |||| 00| 0 eng d
020 _a
041 _aeng
080 _a93
100 _a20
101 _aSHP
245 _aTHE MARKET REVOLUTION
_cSELLERS, CH
942 _2udc
_cBK
999 _c17835
_d17835